00462nam a2200133Ia 4500008004100000082001600041100002600057245005400083260004600137300000900183942001200192999001900204952010500223210430s9999 xx 000 0 und d a549 F6921 T aEdward Salisbury Dana aDanas Textbook Mineralogy cEdward Salisbury Dana aIslamabadbNational Book Foundationc1898 a851p cBK2ddc c562452d562452 001040708NFICaSCMEbSCMEcGENd0000-00-00l0o549 F6921 TpSCME-1326r2021-04-30w2021-04-30yBK